000
00287nam a2200109Ia 4500
008
200302s9999 xx 000 0 und d
100
_a
R.Nath
245
_a
JHAROKHA An Illustrated Glossory of Indo Muslim Architecture
260
_b
Historical research
260
_c
1886
300
_a
128p.,
999
_c
2498
_d
2498